000
00282nam a22001217a 4500
003
OSt
008
150215b xxu||||| |||| 00| 0 eng d
100
1
_a
Russell, Thomas H
041
_a
eng
245
1
0
_a
Pictorial History of the World Way for Liberty
260
_b
1919
300
_a
0 pages
999
_c
826
_d
826